W jakim klubie piłkarz rozegrał najwięcej meczy - Statystyki

Ogólne statystyki
  • Ten quiz został rozwiązany 120 razy
  • Średni wynik to 10 z 20
Statystyki odpowiedzi
Hint Odpowiedź % Poprawnych
Ivan Rakitić FC Barcelona
93%
Álvaro Morata Juventus
83%
Zlatan Ibrahimović Paris Saint-Germain
83%
David Luiz Chelsea
75%
Thiago Silva Paris Saint-Germain
70%
Aubameyang Borussia Dortmund
61%
Marouane Fellaini Manchester United
55%
Ronaldo Nazário Real Madryt
54%
Filipe Luís Atlético Madryt
51%
Falcao AS Monaco
50%
David Beckham Manchester United
48%
Felipe Anderson Lazio
45%
Romelu Lukaku Everton
43%
Ryan Kent Rangers
42%
Kaká Milan
40%
Lukas Podolski FC Köln
37%
Nabil Fekir Olympique Lyon
24%
Eduardo Camavinga Stade Rennais
12%
Neto Fiorentina
4%
Sébastien Haller Utrecht
2%
Nie znaleziono quizów pasujących do podanych kryteriów
Rozkład punktacji
Procent ludzi z każdym wynikiem
Percentyl według liczby udzielonych odpowiedzi
Twoja historia wyników
Nie rozwiązałeś tego quizu